| 000 | 00377nam a22001577a 4500 | ||
|---|---|---|---|
| 003 | OSt | ||
| 005 | 20231208094331.0 | ||
| 008 | 221103b xxu||||| |||| 00| 0 eng d | ||
| 020 | _a9789391392994 | ||
| 040 | _cIIMT UNIVERSITY, MEERUT | ||
| 100 | _aKANETKAR, YASHAVANT | ||
| 245 | _aLET US C | ||
| 260 |
_aPBP PUBLICATION _bNEW DELHI _c2007 |
||
| 300 | _a490 | ||
| 942 |
_2ddc _c02 |
||
| 999 |
_c55939 _d55939 |
||